01414 a2200241 45000010006000000050017000060080041000230030015000640400040000790800092001192450084002110200022002952500012003172640034003293000019003635050563003820410008009451000029009537000028009827000029010107000024010398560109010633295420260407155624.0260407a2015 arg spa dAR-UNSa-BCEJYS aAR-UNSa-BCEJYSbspacAR-UNSa-BCEJYS a336.226.111xImpuestos sobre ingresos totales (Ingresos brutos - Convenio Multilateral)10aConvenio multilateral, Impuestos internos, monotributopExplicados y comentados a978-987-01-1737-7 a7a. ed. 1aBuenos Aires :bErreparc2015 a126 p.c27 cm. aCONVENIO MULTILATERAL: 1. Introducción - 2. Ámbito de aplicación del convenio multilateral - 3. Régimen general - 4. Regímenes especiales - 5. Iniciación y cese de actividades - 6. Organismos de aplicación - IMPUESTOS INTERNOS: 1. Aspetos generales - 2. Hecho imponible - 3. Exenciones - 4. Liquidación de Impuestos - 5. Pago del Impuesto - 6. Alícuotas - MONOTRIBUTO: 1. Antecedentes - 2. Características generales - 3. Liquidación de gravamen - 4. Abandono del régimen simplificado - 5. Interrelación con otras normas impositiva  aspa1 aCeldeiro, Ernesto Carlos1 aImirizaldu, Juan José1 aGómez, María Celeste1 aRofrano, Guido Omar41uhttps://biblioeco.unsa.edu.ar/pmb/images/libros/convenio_multilateral.jpgyImagen de portadaqimage/jpeg